| 000 | 00833nam a22002535a 4500 | ||
|---|---|---|---|
| 005 | 20201128021528.0 | ||
| 008 | 150823r20142002ii a fr 000 0 eng d | ||
| 020 | _a9789350143766 | ||
| 020 | _a8185749760 | ||
| 040 |
_aEG-ScBUE _beng _cEG-ScBUE |
||
| 082 | 0 | 4 |
_222 _a628.1 _bLAL |
| 100 | 1 |
_aLal, D. _938886 |
|
| 245 | 1 | 0 |
_aWater supply and waste water engineering : _b(with practicals) in s.i. for civil engineering students / _cby D. Lal, A. K. Upadhyay. |
| 250 | _a2nd. ed., Reprint ed. | ||
| 260 |
_aNew Delhi : _bS.K. Kataria & Sons, _c2014. |
||
| 300 |
_a(various paging) : _bill. ; _c24 cm. |
||
| 500 | _aReprinted of the 2002 ed. | ||
| 650 | 0 |
_2BUEsh _aWater _xsupply engineering |
|
| 650 | 0 |
_aWater _xsupply _2BUEsh |
|
| 651 | _2BUEsh | ||
| 653 |
_bENGGEN _cAugust2015 |
||
| 700 | 1 |
_aUpadhyay, A. K. _92001 |
|
| 942 | _2ddc | ||
| 999 |
_c20667 _d20639 |
||